[Event "Nova Gorica op 25th"]
[Site "Nova Gorica"]
[Date "2020.01.30"]
[Round "9"]
[White "Tonel, Giulia"]
[Black "Praznik, Anton"]
[Result "0-1"]
[WhiteElo "1940"]
[BlackElo "2158"]
[PlyCount "76"]
[EventDate "2020.01.24"]
[EventType "swiss"]
[EventRounds "9"]
[EventCountry "SLO"]
[SourceTitle "CBM 194"]
[Source "ChessBase"]
[SourceDate "2020.01.27"]
[SourceVersion "1"]
[SourceVersionDate "2020.01.27"]
[SourceQuality "1"]

1. d4 Nf6 2. c4 c5 3. d5 g6 4. Nc3 d6 5. g3 Bg7 6. Bg2 0-0 7. Nf3 e6 8. 0-0 exd5 9. cxd5 a6 10. a4 Re8 11. Nd2 Nbd7 12. h3 Rb8 13. Nc4 Ne5 14. Na3 Ned7 15. Bf4 Ne5 16. Bxe5 Rxe5 17. Nc4 Rh5 18. a5 Bxh3 19. Bxh3 Rxh3 20. e4 Qd7 21. Kg2 Rh5 22. Rh1 Rxh1 23. Qxh1 Re8 24. Qh4 h6 25. Qf4 Rd8 26. Rd1 Ng4 27. f3 Bxc3 28. Nb6 Qb5 29. fxg4 Qe2+ 30. Qf2 Qxe4+ 31. Kh3 Bxa5 32. Rf1 f5 33. gxf5 Rf8 34. Nd7 Qxf5+ 35. Qxf5 Rxf5 36. Nf6+ Kf7 37. Rxf5 gxf5 38. Nh5 Bd2 0-1

[Event "Chioggia op-A 08th"]
[Site "Chioggia"]
[Date "2013.10.13"]
[Round "4"]
[White "Aprile, Martino"]
[Black "Tonel, Giulia"]
[Result "1-0"]
[WhiteElo "1948"]
[BlackElo "2056"]
[PlyCount "39"]
[EventDate "2013.10.10"]
[EventType "swiss"]
[EventRounds "5"]
[EventCountry "ITA"]
[SourceTitle "EXT 2024"]
[Source "ChessBase"]
[SourceDate "2023.10.10"]
[SourceVersion "1"]
[SourceVersionDate "2023.10.10"]
[SourceQuality "1"]

1. e4 d6 2. d4 Nf6 3. Nc3 g6 4. Bd3 Bg7 5. Nge2 Nc6 6. 0-0 0-0 7. f4 Bg4 8. h3 Bxe2 9. Nxe2 Nd7 10. e5 Nb6 11. c3 dxe5 12. fxe5 f6 13. e6 Qd6 14. Nf4 Rad8 15. Nxg6 hxg6 16. Bxg6 Ne5 17. Bf5 c5 18. Qh5 Rfe8 19. Qh7+ Kf8 20. Bh6 1-0

[Event "Chioggia op-A 08th"]
[Site "Chioggia"]
[Date "2013.10.13"]
[Round "5"]
[White "Tonel, Giulia"]
[Black "Buzzati, Francesco"]
[Result "1-0"]
[WhiteElo "2056"]
[BlackElo "1943"]
[PlyCount "117"]
[EventDate "2013.10.10"]
[EventType "swiss"]
[EventRounds "5"]
[EventCountry "ITA"]
[SourceTitle "EXT 2024"]
[Source "ChessBase"]
[SourceDate "2023.10.10"]
[SourceVersion "1"]
[SourceVersionDate "2023.10.10"]
[SourceQuality "1"]

1. c4 Nf6 2. Nc3 g6 3. d3 Bg7 4. Bg5 d5 5. cxd5 Nxd5 6. Rc1 c6 7. Nf3 Bg4 8. Qa4 Bxf3 9. gxf3 0-0 10. Bg2 Nd7 11. 0-0 h6 12. Bd2 e5 13. Nxd5 cxd5 14. f4 e4 15. dxe4 dxe4 16. Bb4 Nb6 17. Qb3 Re8 18. Rfd1 Qf6 19. Rc7 Rac8 20. Rxb7 Qxf4 21. Bd2 Qf5 22. Bh3 Qf6 23. Bxc8 Rxc8 24. Rxa7 Nc4 25. Bc3 Qf5 26. Bd4 Bxd4 27. Rxd4 e3 28. f3 Nd2 29. Qxe3 Qb1+ 30. Kg2 Qf1+ 31. Kg3 Qe1+ 32. Qf2 Qc1 33. Rad7 Nf1+ 34. Kh3 Rc5 35. R4d5 Ne3 36. Rxc5 Qxc5 37. Rd8+ Kg7 38. Qh4 Nf5 39. Qe4 Nd6 40. Qe7 Qh5+ 41. Kg2 Nc4 42. Qf8+ Kf6 43. Qh8+ Ke6 44. Qe8+ Kf6 45. Qh8+ Ke6 46. Re8+ Kf5 47. e4+ Kf4 48. Qf6+ Ke3 49. Qc3+ Kf4 50. Qf6+ Ke3 51. Rd8 Ne5 52. Qb6+ Kf4 53. Qf6+ Ke3 54. Rd5 Ke2 55. Rxe5 g5 56. Qa6+ Ke3 57. Qb6+ Ke2 58. Qf2+ Kd3 59. Rd5+ 1-0

[Event "Chioggia op-A 08th"]
[Site "Chioggia"]
[Date "2013.10.11"]
[Round "1"]
[White "Tonel, Giulia"]
[Black "Battagin, Mose"]
[Result "1/2-1/2"]
[WhiteElo "2056"]
[BlackElo "1837"]
[PlyCount "60"]
[EventDate "2013.10.10"]
[EventType "swiss"]
[EventRounds "5"]
[EventCountry "ITA"]
[SourceTitle "EXT 2024"]
[Source "ChessBase"]
[SourceDate "2023.10.10"]
[SourceVersion "1"]
[SourceVersionDate "2023.10.10"]
[SourceQuality "1"]

1. d4 d6 2. c4 e5 3. e3 g6 4. Nc3 Bg7 5. Nf3 Nc6 6. Be2 Nf6 7. 0-0 0-0 8. d5 Ne7 9. Nd2 Nd7 10. Rb1 f5 11. b4 e4 12. Bb2 g5 13. Nb3 Ne5 14. Nd4 Rf6 15. Rc1 Rh6 16. Qb3 N7g6 17. c5 g4 18. Ne6 Qh4 19. h3 Nf3+ 20. Bxf3 gxf3 21. Nxe4 fxe4 22. Bxg7 fxg2 23. Bxh6 Qxh3 24. f3 gxf1Q+ 25. Rxf1 Qg3+ 26. Kh1 exf3 27. Qb2 Qh3+ 28. Kg1 Qg3+ 29. Kh1 Qh3+ 30. Kg1 Qg3+ 1/2-1/2

[Event "Trieste op 15th"]
[Site "Trieste"]
[Date "2013.09.04"]
[Round "6"]
[White "Kolesar, Milan"]
[Black "Tonel, Giulia"]
[Result "1-0"]
[WhiteElo "2141"]
[BlackElo "1973"]
[PlyCount "155"]
[EventDate "2013.08.31"]
[EventType "swiss"]
[EventRounds "9"]
[EventCountry "ITA"]
[SourceTitle "CBM 156 Extra"]
[Source "ChessBase"]
[SourceDate "2013.10.22"]
[SourceVersion "1"]
[SourceVersionDate "2013.10.22"]
[SourceQuality "1"]

1. Nf3 g6 2. d4 Nf6 3. c4 Bg7 4. g3 d6 5. Bg2 0-0 6. 0-0 Nbd7 7. Nc3 e5 8. e4 exd4 9. Nxd4 Re8 10. h3 a6 11. Bf4 Nc5 12. Re1 Nfd7 13. b4 Ne6 14. Nxe6 fxe6 15. Rc1 a5 16. a3 axb4 17. axb4 Qe7 18. Nb5 Ne5 19. c5 g5 20. cxd6 cxd6 21. Bxe5 Bxe5 22. Nc7 Ra2 23. Nxe8 Qxe8 24. Re2 Ra8 25. Rec2 Bd7 26. Qd2 Qd8 27. Qe3 Qf6 28. Qf3 Qg7 29. Rc7 Rf8 30. Qg4 Bd4 31. R1c2 Rf7 32. Rxb7 h6 33. Rxd7 Rxd7 34. Qxe6+ Qf7 35. Qf5 Be5 36. Bf1 Kg7 37. Qxf7+ Kxf7 38. Bc4+ Kf6 39. Bd5 Bd4 40. Kg2 Ke5 41. Kf3 Rd8 42. Kg4 Rf8 43. f3 h5+ 44. Kxh5 Rxf3 45. Kg4 Ra3 46. b5 Kf6 47. h4 gxh4 48. gxh4 Ra5 49. Bc6 Ra7 50. Rh2 Rg7+ 51. Kf3 Ke5 52. h5 Rf7+ 53. Ke2 Bg1 54. Rh1 Bb6 55. Kd3 Rf3+ 56. Kc2 Kd4 57. h6 Rf2+ 58. Kb1 Rf8 59. h7 Rh8 60. Rh4 Bd8 61. Rh5 Kc4 62. Bd5+ Kxb5 63. Bg8+ Kc6 64. Rd5 Bf6 65. Kc2 Kd7 66. Kd3 Ke7 67. Ke2 Be5 68. Kf3 Kf8 69. Ra5 Kg7 70. Ra7+ Kg6 71. Kg4 Bd4 72. Re7 Be5 73. Re6+ Kg7 74. Kf5 Bh2 75. Rg6+ Kf8 76. Ke6 Be5 77. Kd7 Bh2 78. Rxd6 1-0

[Event "Trieste op 15th"]
[Site "Trieste"]
[Date "2013.09.01"]
[Round "3"]
[White "Matijevic, Filip"]
[Black "Tonel, Giulia"]
[Result "0-1"]
[WhiteElo "2136"]
[BlackElo "1973"]
[PlyCount "110"]
[EventDate "2013.08.31"]
[EventType "swiss"]
[EventRounds "9"]
[EventCountry "ITA"]
[SourceTitle "CBM 156 Extra"]
[Source "ChessBase"]
[SourceDate "2013.10.22"]
[SourceVersion "1"]
[SourceVersionDate "2013.10.22"]
[SourceQuality "1"]

1. e4 d6 2. d4 Nf6 3. Nc3 g6 4. Bg5 Bg7 5. Qd2 h6 6. Bh4 g5 7. Bg3 Nh5 8. 0-0-0 Nxg3 9. hxg3 Nd7 10. e5 Nf8 11. f4 Bg4 12. Be2 Bxe2 13. Qxe2 Qd7 14. fxg5 0-0-0 15. Nf3 Ng6 16. gxh6 Bxh6+ 17. Kb1 Qg4 18. Ne4 Bg7 19. Rxh8 Bxh8 20. Neg5 Qf5 21. e6 fxe6 22. Nxe6 Re8 23. d5 Ne5 24. Qb5 Nd7 25. Rf1 a6 26. Qa5 Nb6 27. Rd1 Rg8 28. Qe1 Nxd5 29. Nfd4 Qf6 30. Qe4 Qe5 31. Qxe5 Bxe5 32. Nf5 Kd7 33. Ned4 e6 34. c4 Nf6 35. Ne3 Rxg3 36. Ndc2 Ne4 37. Rh1 a5 38. Rh4 Nc5 39. b3 Rg7 40. Rh1 Ne4 41. a3 Rf7 42. b4 axb4 43. axb4 Bf4 44. Rh4 e5 45. Kb2 Ng3 46. Nd5 Bd2 47. Rg4 Ne2 48. Rg8 Kc6 49. g4 b5 50. Nde3 Rf3 51. cxb5+ Kxb5 52. Nd5 Kc4 53. Nxc7 Rb3+ 54. Ka2 Nc3+ 55. Ka1 Rb1# 0-1

[Event "ITA-ch (Women)"]
[Site "Porto San Giorgio"]
[Date "2013.08.23"]
[Round "3"]
[White "Tonel, Giulia"]
[Black "Gueci, Tea"]
[Result "1/2-1/2"]
[WhiteElo "1973"]
[BlackElo "2018"]
[PlyCount "127"]
[EventDate "2013.08.21"]
[EventType "swiss"]
[EventRounds "9"]
[EventCountry "ITA"]
[SourceTitle "EXT 2015"]
[Source "ChessBase"]
[SourceDate "2014.11.20"]
[SourceVersion "1"]
[SourceVersionDate "2014.11.20"]
[SourceQuality "1"]

1. d4 Nf6 2. c4 c5 3. d5 e6 4. Nc3 exd5 5. cxd5 d6 6. g3 g6 7. Bg2 Bg7 8. Nf3 0-0 9. 0-0 a6 10. a4 Re8 11. Nd2 Nbd7 12. h3 Rb8 13. Nc4 Ne5 14. Na3 Nh5 15. e4 Qc7 16. f4 Nd7 17. Kh2 Bd4 18. Qd3 Ng7 19. Nc2 Bf6 20. Ne3 Bd4 21. Ng4 Nf6 22. Nh6+ Kf8 23. Ne2 Qe7 24. Nxd4 cxd4 25. e5 Ng8 26. Nxg8 Kxg8 27. Qxd4 Nf5 28. Qd3 Bd7 29. Re1 b5 30. Bd2 bxa4 31. Bc3 Bb5 32. Qd2 Rbc8 33. Bb4 Qd7 34. Qf2 Rc4 35. Bc3 Qc7 36. e6 fxe6 37. dxe6 Bc6 38. Bxc6 Qxc6 39. Qa7 Ne7 40. Re3 Qc7 41. Qxc7 Rxc7 42. Rd3 Nf5 43. g4 Ng7 44. f5 gxf5 45. gxf5 Nxf5 46. Rg1+ Ng7 47. Rxd6 Kf8 48. Rxa6 Nxe6 49. Ra5 Rc4 50. Rf1+ Ke7 51. Ra1 Nc5 52. Re1+ Ne6 53. Ra6 Kd7 54. Rd1+ Kc7 55. Rdd6 Nc5 56. Ba5+ Kb7 57. Rdb6+ Kc8 58. Rc6+ Kb7 59. Rcb6+ Kc8 60. Ra8+ Kd7 61. Ra7+ Kc8 62. Ra8+ Kd7 63. Ra7+ Kc8 64. Ra8+ 1/2-1/2

[Event "Trieste op 14th"]
[Site "Trieste"]
[Date "2012.09.08"]
[Round "9"]
[White "Suc, Timothy"]
[Black "Tonel, Giulia"]
[Result "1/2-1/2"]
[WhiteElo "2135"]
[BlackElo "1975"]
[PlyCount "81"]
[EventDate "2012.09.01"]
[EventType "swiss"]
[EventRounds "9"]
[EventCountry "ITA"]
[SourceTitle "CBM 150 Extra"]
[Source "ChessBase"]
[SourceDate "2012.10.19"]
[SourceVersion "1"]
[SourceVersionDate "2012.10.19"]
[SourceQuality "1"]

1. e4 d6 2. d4 Nf6 3. Nc3 g6 4. f4 Bg7 5. Nf3 c5 6. dxc5 Qa5 7. Qd4 Nc6 8. Bb5 0-0 9. Bxc6 bxc6 10. Bd2 Nd7 11. Qe3 Ba6 12. Kf2 Nxc5 13. Rab1 Nd7 14. Rhe1 Nf6 15. h3 e5 16. fxe5 dxe5 17. Nd5 Nxe4+ 18. Qxe4 cxd5 19. Bxa5 dxe4 20. Rxe4 f5 21. Rxe5 Bxe5 22. Nxe5 Rac8 23. Bc3 Rfd8 24. Ke3 Bb7 25. g3 Be4 26. Kf4 Bxc2 27. Re1 Rd6 28. Re2 Bb1 29. a3 Ra6 30. Nd7 Ra4+ 31. Kg5 Kf7 32. Bb4 Rxb4 33. axb4 Rc7 34. Ne5+ Kg7 35. Rd2 h6+ 36. Kf4 g5+ 37. Ke3 Kf6 38. Nd7+ Ke7 39. Ne5 Kf6 40. Nd7+ Ke7 41. Ne5 1/2-1/2

[Event "Trieste op 14th"]
[Site "Trieste"]
[Date "2012.09.06"]
[Round "7"]
[White "Ceschia, Ivano"]
[Black "Tonel, Giulia"]
[Result "1-0"]
[WhiteElo "2291"]
[BlackElo "1975"]
[PlyCount "55"]
[EventDate "2012.09.01"]
[EventType "swiss"]
[EventRounds "9"]
[EventCountry "ITA"]
[SourceTitle "CBM 150 Extra"]
[Source "ChessBase"]
[SourceDate "2012.10.19"]
[SourceVersion "1"]
[SourceVersionDate "2012.10.19"]
[SourceQuality "1"]

1. e4 d6 2. d4 Nf6 3. Nc3 g6 4. Nf3 Bg7 5. Be2 0-0 6. 0-0 Bg4 7. Bg5 h6 8. Be3 Nc6 9. Qd2 Kh7 10. d5 Nb8 11. h3 Bc8 12. Nd4 c6 13. dxc6 Nxc6 14. Rad1 a6 15. Nxc6 bxc6 16. e5 Nd5 17. Nxd5 cxd5 18. Qxd5 Be6 19. Qd2 Bxe5 20. Bxh6 Re8 21. b3 Qc7 22. Bd3 Qc5 23. Be3 Qa3 24. f4 Bg7 25. f5 Bxf5 26. Bxf5 gxf5 27. Rxf5 Rh8 28. Rxf7 1-0

[Event "Trieste op 14th"]
[Site "Trieste"]
[Date "2012.09.02"]
[Round "2"]
[White "Tonel, Giulia"]
[Black "Egartner, Wolfgang"]
[Result "0-1"]
[WhiteElo "1975"]
[BlackElo "2132"]
[PlyCount "86"]
[EventDate "2012.09.01"]
[EventType "swiss"]
[EventRounds "9"]
[EventCountry "ITA"]
[SourceTitle "CBM 150 Extra"]
[Source "ChessBase"]
[SourceDate "2012.10.19"]
[SourceVersion "1"]
[SourceVersionDate "2012.10.19"]
[SourceQuality "1"]

1. d4 d5 2. c4 c6 3. Nf3 Nf6 4. Nc3 a6 5. e3 e6 6. Bd3 c5 7. 0-0 Nc6 8. a3 dxc4 9. Bxc4 b5 10. Bd3 c4 11. Bc2 Be7 12. Qe2 0-0 13. Rd1 Qc7 14. e4 e5 15. Nd5 Nxd5 16. exd5 Nxd4 17. Nxd4 exd4 18. Rxd4 Bf6 19. d6 Qd7 20. Qe4 g6 21. Bh6 Re8 22. Qf4 Be5 23. Qh4 Bb7 24. Rad1 Bxd4 25. Qxd4 f5 26. h4 Re2 27. Qc3 Rae8 28. h5 R8e6 29. b3 Be4 30. Bxe4 R2xe4 31. bxc4 Rxc4 32. Qf3 Rce4 33. Qc3 Rc4 34. Qf3 Rc6 35. Bf4 Rexd6 36. Qb3+ Qe6 37. Qxe6+ Rxe6 38. Rd8+ Kf7 39. h6 Re8 40. Rd7+ Re7 41. Rd8 Ke6 42. Bg5 Rd7 43. Re8+ Kd5 0-1

[Event "Trieste op 14th"]
[Site "Trieste"]
[Date "2012.09.01"]
[Round "1"]
[White "Boscolo Meneguolo, Federico"]
[Black "Tonel, Giulia"]
[Result "1-0"]
[WhiteElo "2330"]
[BlackElo "1975"]
[PlyCount "43"]
[EventDate "2012.09.01"]
[EventType "swiss"]
[EventRounds "9"]
[EventCountry "ITA"]
[SourceTitle "CBM 150 Extra"]
[Source "ChessBase"]
[SourceDate "2012.10.19"]
[SourceVersion "1"]
[SourceVersionDate "2012.10.19"]
[SourceQuality "1"]

1. e4 d6 2. d4 Nf6 3. Nc3 g6 4. Bg5 Bg7 5. Qe2 Nc6 6. 0-0-0 0-0 7. f4 a6 8. e5 Bg4 9. Nf3 Nh5 10. d5 f6 11. dxc6 fxg5 12. cxb7 Rb8 13. Qxa6 gxf4 14. Bc4+ Kh8 15. Rhe1 c6 16. Qxc6 Bd7 17. Qa6 Qc7 18. Nd5 Qxb7 19. Qxb7 Rxb7 20. Nxe7 Bg4 21. Nc6 Rc8 22. Ba6 1-0

[Event "Mare di Fano op 1st"]
[Site "Fano"]
[Date "2012.08.05"]
[Round "9"]
[White "Vincenzi, Marco"]
[Black "Tonel, Giulia"]
[Result "1/2-1/2"]
[WhiteElo "2103"]
[BlackElo "1967"]
[PlyCount "94"]
[EventDate "2012.07.30"]
[EventType "swiss"]
[EventRounds "9"]
[EventCountry "ITA"]
[SourceTitle "EXT 2015"]
[Source "ChessBase"]
[SourceDate "2014.11.20"]
[SourceVersion "1"]
[SourceVersionDate "2014.11.20"]
[SourceQuality "1"]

1. e4 d6 2. d4 Nf6 3. Nc3 g6 4. Nf3 Bg7 5. Be2 0-0 6. 0-0 Nc6 7. h3 e5 8. d5 Ne7 9. Bg5 a6 10. Qd2 Qe8 11. Bh6 b5 12. a3 Nh5 13. Rfe1 f5 14. Bxg7 Kxg7 15. exf5 Nf4 16. f6+ Rxf6 17. Ng5 Bb7 18. Bf3 h6 19. Nge4 Nxh3+ 20. Kh2 Rxf3 21. gxf3 Nf4 22. Rg1 Qd7 23. Rg4 Rf8 24. Rh1 h5 25. Rg5 Bxd5 26. Nxd5 Nexd5 27. Kg1 Ne7 28. Rxe5 Nc6 29. Rc5 Qe8 30. Rg5 Ne5 31. Rg3 Qe6 32. Rh4 Nc4 33. Qd1 Nxb2 34. Qd4+ Qe5 35. Qxe5+ dxe5 36. Nc5 Ne2+ 37. Kg2 Rf5 38. Nxa6 Nxg3 39. fxg3 Rf6 40. Nxc7 Rc6 41. Nxb5 Rxc2+ 42. Kg1 Rc5 43. Rb4 Rc1+ 44. Kg2 Rc2+ 45. Kg1 Rc1+ 46. Kg2 Rc2+ 47. Kg1 Rc1+ 1/2-1/2

[Event "Mare di Fano op 1st"]
[Site "Fano"]
[Date "2012.07.30"]
[Round "1"]
[White "Pein, Malcolm"]
[Black "Tonel, Giulia"]
[Result "1-0"]
[WhiteElo "2377"]
[BlackElo "1967"]
[PlyCount "67"]
[EventDate "2012.07.30"]
[EventType "swiss"]
[EventRounds "9"]
[EventCountry "ITA"]
[SourceTitle "EXT 2015"]
[Source "ChessBase"]
[SourceDate "2014.11.20"]
[SourceVersion "1"]
[SourceVersionDate "2014.11.20"]
[SourceQuality "1"]

1. d4 Nf6 2. Nf3 g6 3. c4 Bg7 4. Nc3 d6 5. Bg5 h6 6. Bh4 0-0 7. e3 Nbd7 8. Qc2 c5 9. d5 Re8 10. Be2 b6 11. Nd2 Bb7 12. 0-0 Nf8 13. e4 a6 14. f4 N6d7 15. Rae1 Qc7 16. Bg3 e6 17. a4 e5 18. Nf3 exf4 19. Bxf4 Re7 20. Qd2 g5 21. Bg3 Ng6 22. h4 g4 23. Nh2 h5 24. Rf5 Bd4+ 25. Kh1 Nf6 26. e5 Bxc3 27. Qxc3 Ne4 28. Qe3 Nxg3+ 29. Qxg3 Rxe5 30. Rxe5 Nxe5 31. Bxg4 hxg4 32. Nxg4 f5 33. Nxe5+ Kh8 34. Ng6+ 1-0

[Event "Trieste op 13th"]
[Site "Trieste"]
[Date "2011.09.10"]
[Round "9"]
[White "Bensch, Patrick"]
[Black "Tonel, Giulia"]
[Result "1/2-1/2"]
[WhiteElo "2175"]
[BlackElo "1923"]
[PlyCount "93"]
[EventDate "2011.09.03"]
[EventType "swiss"]
[EventRounds "9"]
[EventCountry "ITA"]
[SourceTitle "CBM 144 Extra"]
[Source "ChessBase"]
[SourceDate "2011.10.28"]
[SourceVersion "1"]
[SourceVersionDate "2011.10.28"]
[SourceQuality "1"]

1. e4 d6 2. d4 Nf6 3. Nc3 g6 4. g3 Bg7 5. Bg2 Nbd7 6. Nge2 0-0 7. 0-0 Rb8 8. a4 a5 9. h3 c6 10. f4 e5 11. Be3 Qc7 12. g4 b5 13. axb5 cxb5 14. g5 Ne8 15. f5 f6 16. h4 Nb6 17. Nxb5 Qd7 18. Qd3 gxf5 19. gxf6 Nxf6 20. exf5 e4 21. Qb3+ d5 22. Bf4 Nc4 23. Bxb8 Nd2 24. Qc3 Nxf1 25. Rxa5 Ba6 26. Bd6 Rc8 27. Bc5 Bxb5 28. Bxf1 Bxe2 29. Bxe2 Qxf5 30. Ra1 Kh8 31. Rf1 Qg6+ 32. Kh1 Bh6 33. Qh3 Rg8 34. Be7 Nh5 35. Bg5 Bxg5 36. hxg5 Ng7 37. Qh6 Nf5 38. Qxg6 hxg6 39. Rf2 Nxd4 40. Bg4 Rb8 41. Rd2 Nf5 42. b3 Rd8 43. c3 Kg7 44. Kg2 Rc8 45. Bxf5 gxf5 46. Rxd5 Rxc3 47. Rxf5 1/2-1/2

[Event "ITA-ch (Women)"]
[Site "Montecatini Terme"]
[Date "2011.08.05"]
[Round "7"]
[White "Messina, Roberta"]
[Black "Tonel, Giulia"]
[Result "1/2-1/2"]
[WhiteElo "1913"]
[BlackElo "1939"]
[PlyCount "77"]
[EventDate "2011.07.31"]
[EventType "swiss"]
[EventRounds "9"]
[EventCountry "ITA"]
[SourceTitle "EXT 2017"]
[Source "ChessBase"]
[SourceDate "2016.10.25"]
[SourceVersion "1"]
[SourceVersionDate "2016.10.25"]
[SourceQuality "1"]

1. c4 Nf6 2. Nc3 g6 3. e4 d6 4. d4 Bg7 5. Nf3 0-0 6. Be2 e5 7. 0-0 Nc6 8. d5 Ne7 9. b4 Ne8 10. c5 f5 11. Bg5 h6 12. Bxe7 Qxe7 13. Rc1 Rf7 14. Re1 f4 15. Nb5 a6 16. Qa4 Bd7 17. c6 Bc8 18. cxb7 Bxb7 19. Na3 g5 20. g3 Qf6 21. Rf1 Qg6 22. Qc2 Bf6 23. Rfd1 Bd8 24. Ne1 h5 25. Nc4 Nf6 26. Nf3 Ne8 27. Ncxe5 dxe5 28. Nxe5 Qf6 29. Nxf7 Qxf7 30. e5 Kg7 31. e6 Qg6 32. Bd3 Qf6 33. Bc4 Be7 34. Qd3 Bd6 35. a3 Qg6 36. Qd4+ Qf6 37. Qd3 Qg6 38. Qd4+ Qf6 39. Qd3 1/2-1/2